MARC

LEADER 00000nam0a2200000 4500
001 38458
005 20231031005904.0
010 |a 5279000485 
035 |a (RuTPU)RU\TPU\book\39215 
090 |a 38458 
100 |a 20020306d1988 k y0rusy50 ca 
101 0 |a rus 
102 |a RU 
105 |a a g 000zy 
200 1 |a Справочник по функционально-стоимостному анализу  |f Под ред. М. Г. Карпунина; Б. И. Майданчика 
210 |a Москва  |c Финансы и статистика  |d 1988 
215 |a 431 с.  |c ил. 
610 1 |a организация производства 
610 1 |a функционально-стоимостный анализ 
610 1 |a информация 
610 1 |a аналитика 
610 1 |a творчество 
610 1 |a исследование 
610 1 |a ЭВМ 
610 1 |a затраты 
610 1 |a управление 
610 1 |a экономические основы 
610 1 |a справочники 
675 |a 658.511(03)  |v 3 
702 1 |a Карпунин  |b М. Г.  |g Михаил Григорьевич  |4 340 
702 1 |a Майданчик  |b Б. И.  |g Борис Ионтелевич  |4 340 
801 1 |a RU  |b 63413507  |c 20020306  |g PSBO 
801 2 |a RU  |b 63413507  |c 20140617  |g PSBO 
942 |c BK